<?xml version="1.0" encoding="UTF-8"?>
<record
    xmlns:xsi="http://www.w3.org/2001/XMLSchema-instance"
    xsi:schemaLocation="http://www.loc.gov/MARC21/slim http://www.loc.gov/standards/marcxml/schema/MARC21slim.xsd"
    xmlns="http://www.loc.gov/MARC21/slim">

  <leader>02509cam a2200385 i 4500</leader>
  <controlfield tag="003">PE-LiUPU</controlfield>
  <controlfield tag="005">20250731183448.0</controlfield>
  <controlfield tag="008">180814e201712  pe ab    b   f000 0 spa d</controlfield>
  <datafield tag="040" ind1=" " ind2=" ">
    <subfield code="a">H7K</subfield>
    <subfield code="b">spa</subfield>
    <subfield code="e">rda</subfield>
    <subfield code="c">PE-LiUPU</subfield>
    <subfield code="d">PE-LiUPU</subfield>
  </datafield>
  <datafield tag="050" ind1="0" ind2="0">
    <subfield code="a">NA9178.M65</subfield>
    <subfield code="b">P56 2017</subfield>
  </datafield>
  <datafield tag="082" ind1="0" ind2="0">
    <subfield code="a">720.98534</subfield>
    <subfield code="b">P644m</subfield>
    <subfield code="2">23</subfield>
  </datafield>
  <datafield tag="100" ind1="1" ind2=" ">
    <subfield code="a">Pimentel Gurmendi, V&#xED;ctor,</subfield>
    <subfield code="d">1928-</subfield>
    <subfield code="e">autor.</subfield>
  </datafield>
  <datafield tag="245" ind1="1" ind2="0">
    <subfield code="a">Moquegua. Patrimonio patrimonio arquitect&#xF3;nico y urban&#xED;stico :</subfield>
    <subfield code="b">Contiene 7 planos</subfield>
    <subfield code="h">[Planos] /</subfield>
    <subfield code="c">V&#xED;ctor Pimentel Gurmendi.</subfield>
  </datafield>
  <datafield tag="250" ind1=" " ind2=" ">
    <subfield code="a">Primera edici&#xF3;n.</subfield>
  </datafield>
  <datafield tag="264" ind1=" " ind2="1">
    <subfield code="a">[Moquegua, Per&#xFA;] :</subfield>
    <subfield code="b">Universidad Nacional de Moquegua,</subfield>
    <subfield code="c">2017.</subfield>
  </datafield>
  <datafield tag="300" ind1=" " ind2=" ">
    <subfield code="a">07 planos ;</subfield>
    <subfield code="c">70 x 50 cent&#xED;metros.</subfield>
  </datafield>
  <datafield tag="336" ind1=" " ind2=" ">
    <subfield code="a">text</subfield>
    <subfield code="b">txt</subfield>
    <subfield code="2">rdacontent</subfield>
  </datafield>
  <datafield tag="336" ind1=" " ind2=" ">
    <subfield code="a">still image</subfield>
    <subfield code="b">sti</subfield>
    <subfield code="2">rdacontent</subfield>
  </datafield>
  <datafield tag="337" ind1=" " ind2=" ">
    <subfield code="a">unmediated</subfield>
    <subfield code="b">n</subfield>
    <subfield code="2">rdamedia</subfield>
  </datafield>
  <datafield tag="338" ind1=" " ind2=" ">
    <subfield code="a">volume</subfield>
    <subfield code="b">nc</subfield>
    <subfield code="2">rdacarrier</subfield>
  </datafield>
  <datafield tag="500" ind1=" " ind2=" ">
    <subfield code="a">"Arquitectura de Moquegua / Graciela Vi&#xF1;uelas y Ram&#xF3;n Guti&#xE9;rrez"--p. 172-189.</subfield>
  </datafield>
  <datafield tag="500" ind1=" " ind2=" ">
    <subfield code="a">"Los elementos de la forma en la arquitectura dom&#xE9;stica moqueguana" / Guillermo P&#xE9;rez -- p. 190-210.</subfield>
  </datafield>
  <datafield tag="501" ind1=" " ind2=" ">
    <subfield code="a">Folder con 7 planos</subfield>
  </datafield>
  <datafield tag="504" ind1=" " ind2=" ">
    <subfield code="a">Incluye referencias bibliogr&#xE1;ficas.</subfield>
  </datafield>
  <datafield tag="505" ind1=" " ind2=" ">
    <subfield code="a">N. 7-1802-597. RED ARTERIAL Y ZONIFICACI&#xD3;N GENERAL, OFICINA NACIONAL DE PLANEAMIENTO Y URBANISM0, AGOSTO 1958 (REDUCCI&#xD3;N AL 60%) -- S/N, PLANO MONUMENTAL DE MOQUEGUA AFECTADO POR ENSANCHE DE CALLES SEG&#xDA;N PROYECTOS DE ONPU (PLA NO N. 7-1802-597), OFICINA NACIONAL DE PLANEAMIENTO Y URBANISMO, MARZO 1966 (REDUCCION AL 89%) -- R.M.O01, PLANO MONUMENTAL DE MOOUEGUA, OFICINA NACIONAL DE PLANEAMIENTO Y URBANISMO, MARZO 1966 (REDUCCI&#xD4;N AL 81%) -- R.M.002. PLANO MONUMENTAL DE MOQUEGUA AFECTADO POR ENSANCHE DE CALLES SEG&#xDA;N PROYECTOS DE ONPU (PLANON. 7-1802-597), OFICINA NACIONAL DE PLANEAMIENTO Y URBANISMO, MARZO 1966 (REDUCCI&#xD3;N AL 88%) -- R.M.O03, ELEVACIONES CON FRENTE A LA PLAZA DE ARMAS DE LA CIUDAD DE MOQUEGUA, OFICINA NACIONAL DE PLANEAMIENTO Y URBANISMO, MARZO 1966 (REDUCCI&#xD3;N AL 81%) -- R.M. 004, CALLE T&#xCD;PICA DE LA CIUDAD DE MOQUEGUA, ONPU, MARZO 1966 (REDUCCI&#xD3;N AL 91%) -- A0001, PAROUE INFANTIL MOQUEGUA, CORPORACI&#xDA;N NACIONAL DETURISMO DEL PER&#xDA;, MAYO 1964 (REDUCCI&#xD3;N AL 65%)</subfield>
  </datafield>
  <datafield tag="526" ind1=" " ind2=" ">
    <subfield code="a">P158</subfield>
  </datafield>
  <datafield tag="526" ind1=" " ind2=" ">
    <subfield code="a">P146</subfield>
  </datafield>
  <datafield tag="526" ind1=" " ind2=" ">
    <subfield code="a">P17</subfield>
  </datafield>
  <datafield tag="526" ind1=" " ind2=" ">
    <subfield code="a">P12</subfield>
  </datafield>
  <datafield tag="526" ind1=" " ind2=" ">
    <subfield code="a">P06</subfield>
  </datafield>
  <datafield tag="651" ind1="1" ind2="4">
    <subfield code="a">Moquegua (Ciudad)</subfield>
    <subfield code="x">Conservaci&#xF3;n y restauraci&#xF3;n</subfield>
    <subfield code="v">Planos.</subfield>
    <subfield code="9">4415</subfield>
  </datafield>
  <datafield tag="710" ind1=" " ind2=" ">
    <subfield code="a">Universidad Nacional de Moquegua.</subfield>
    <subfield code="9">4414</subfield>
  </datafield>
  <datafield tag="942" ind1=" " ind2=" ">
    <subfield code="2">ddc</subfield>
    <subfield code="c">VM</subfield>
    <subfield code="n">0</subfield>
  </datafield>
  <datafield tag="980" ind1=" " ind2=" ">
    <subfield code="6">18226</subfield>
    <subfield code="a">Jaime Vilcaz&#xE1;n Jefe de An&#xE1;lisis Documental</subfield>
    <subfield code="8">1</subfield>
    <subfield code="g">ALBERTO SANCHEZ Responsable de Automatizaci&#xF3;n</subfield>
  </datafield>
  <datafield tag="999" ind1=" " ind2=" ">
    <subfield code="c">62625</subfield>
    <subfield code="d">62624</subfield>
  </datafield>
  <datafield tag="952" ind1=" " ind2=" ">
    <subfield code="r">2025-12-03 00:00:00</subfield>
    <subfield code="l">0</subfield>
    <subfield code="o">720.98534 P644m</subfield>
    <subfield code="p">82266</subfield>
    <subfield code="t">e1</subfield>
    <subfield code="v">30.00</subfield>
    <subfield code="w">2024-09-18</subfield>
    <subfield code="x">FIA</subfield>
    <subfield code="y">VM</subfield>
    <subfield code="1">0</subfield>
    <subfield code="2">ddc</subfield>
    <subfield code="3">Planos</subfield>
    <subfield code="5">1</subfield>
    <subfield code="7">0</subfield>
    <subfield code="8">GEN</subfield>
    <subfield code="f">P06</subfield>
    <subfield code="a">BUL</subfield>
    <subfield code="b">BUL</subfield>
    <subfield code="c">GEN</subfield>
    <subfield code="d">2021-11-19</subfield>
    <subfield code="e">Donaci&#xF3;n, Universidad Nacional de Moquegua</subfield>
  </datafield>
</record>
